|
|
|
|
| LEADER |
00921nab a2200253 i 4500 |
| 001 |
publ6920 |
| 005 |
20190307171945.0 |
| 008 |
160602s2016 hu o 0|| zxx d |
| 022 |
|
|
|a 0039-128X
|
| 024 |
7 |
|
|a 10.1016/j.steroids.2016.04.014
|2 doi
|
| 024 |
7 |
|
|a 3060462
|2 mtmt
|
| 040 |
|
|
|a SZTE Publicatio Repozitórium
|b hun
|
| 041 |
|
|
|a zxx
|
| 100 |
1 |
|
|a Mótyán Gergő
|
| 245 |
1 |
0 |
|a Microwave-assisted stereoselective approach to novel steroidal ring D-fused 2-pyrazolines and an evaluation of their cell-growth inhibitory effects in vitro
|h [elektronikus dokumentum] /
|c Mótyán Gergő
|
| 260 |
|
|
|c 2016
|
| 300 |
|
|
|a 36-46
|
| 490 |
0 |
|
|a STEROIDS
|v 112
|
| 700 |
0 |
1 |
|a Kovács Ferenc
|e aut
|
| 700 |
0 |
1 |
|a Wölfling János
|e aut
|
| 700 |
0 |
1 |
|a Gyovai András
|e aut
|
| 700 |
0 |
1 |
|a Zupkó István
|e aut
|
| 700 |
0 |
1 |
|a Nagyné Frank Éva
|e aut
|
| 856 |
4 |
0 |
|u http://publicatio.bibl.u-szeged.hu/6920/1/155_Steroids_2016.pdf
|z Dokumentum-elérés
|